Pre factibilidad de proyecto de construcción de vivienda social en Mateare para familias afectadas por el terremoto de abril 2014
Presenta un estudio de pre factibilidad de vivienda de interés social para beneficiar a las familias más afectadas por el terremoto de abril 2014 en la ciudad de Mateare. las viviendas actuales tienen un déficit habitacional, de acuerdo a los resultados obtenidos se determina que este proyecto se...
| Main Authors: | , |
|---|---|
| Other Authors: | |
| Format: | Tesis Section = Libro |
| Language: | Undetermined Spanish |
| Published: |
Managua
UNI
2015
|
| Subjects: |
| LEADER | 01236nam a2200265Ia 4500 | ||
|---|---|---|---|
| 008 | 240830s9999 xx 000 0 und d | ||
| 040 | |a BIBLIOTECA-RUSB/ M.Mon 658.404 R618 | ||
| 041 | |a spa | ||
| 082 | |a M.Mon 658.404 R618 | ||
| 100 | 1 | |a Rivas García, Soraya | |
| 100 | 1 | |b Solórzano, Hazel | |
| 245 | 1 | 0 | |a Pre factibilidad de proyecto de construcción de vivienda social en Mateare para familias afectadas por el terremoto de abril 2014 |
| 260 | |a Managua |b UNI |c 2015 | ||
| 300 | |a 135 p. :il. | ||
| 500 | |a Contiene: anexos. | ||
| 502 | |a Tesis (Máster en Gerencia de Proyectos de Desarrollo) - UNI, 2015. | ||
| 520 | 3 | |a Presenta un estudio de pre factibilidad de vivienda de interés social para beneficiar a las familias más afectadas por el terremoto de abril 2014 en la ciudad de Mateare. las viviendas actuales tienen un déficit habitacional, de acuerdo a los resultados obtenidos se determina que este proyecto se ofertaran 58 viviendas de interés social. | |
| 650 | 7 | |a ESTUDIOS DE FACTIBILIDAD | |
| 650 | 7 | |b ESTUDIO DE MERCADO | |
| 650 | 7 | |c ESTUDIO FINANCIERO | |
| 650 | 7 | |d construcción DE VIVIENDAS SOCIALES- PROYECTOS | |
| 700 | 1 | |a Tutor: |b [sin tutor] | |
| 942 | |c BK |2 ddc | ||
| 991 | |a TESIS | ||
| 999 | |c 19466 | ||